skbl

Dr Suryya Kumar Bhuyan Library Web-OPAC
ডঃ সূৰ্য্য
কুমাৰ ভূঞা পুথিভঁৰাল ৱেব-অ'পেক

All Research Scholars are advised to clear the annual library fees to continue using Library Resources, Remote Access, Plagiarism Test and Library Clearance.

Cotton University Book Fair 2026

Let us C / (Record no. 2843)

MARC details
000 -LEADER
fixed length control field 00977nam a2200385Ia 4500
001 - CONTROL NUMBER
control field 2855
005 - DATE AND TIME OF LATEST TRANSACTION
control field 20240113233558.0
007 - PHYSICAL DESCRIPTION FIXED FIELD--GENERAL INFORMATION
fixed length control field ta
008 - FIXED-LENGTH DATA ELEMENTS--GENERAL INFORMATION
fixed length control field 050311s004; a g b000 u eng u
020 ## - INTERNATIONAL STANDARD BOOK NUMBER
International Standard Book Number 81-7656-940-2
020 ## - INTERNATIONAL STANDARD BOOK NUMBER
International Standard Book Number 81-8333-163-7
040 ## - CATALOGING SOURCE
Original cataloging agency Cotton College,Assam
041 ## - LANGUAGE CODE
Language code of text/sound track or separate title eng
082 ## - DEWEY DECIMAL CLASSIFICATION NUMBER
Classification number 001.6424c
Item number Ka131 Le
100 ## - MAIN ENTRY--PERSONAL NAME
Personal name Kanetkar, Yashavant P..
245 #0 - TITLE STATEMENT
Title Let us C /
Statement of responsibility, etc. Yashavant P. Kanetkar.
Medium Textual Documents
250 ## - EDITION STATEMENT
Edition statement 5th & 8th rev. ed. /
260 ## - PUBLICATION, DISTRIBUTION, ETC.
Place of publication, distribution, etc. New Delhi :
Name of publisher, distributor, etc. BPB Publications ,
Date of publication, distribution, etc. 2004; 2007.
300 ## - PHYSICAL DESCRIPTION
Extent 746p. :
Other physical details ill ;
Dimensions 21cm .
504 ## - BIBLIOGRAPHY, ETC. NOTE
Bibliography, etc. note Index.
653 ## - INDEX TERM--UNCONTROLLED
Uncontrolled term Computer Science
653 ## - INDEX TERM--UNCONTROLLED
Uncontrolled term Mathematics
653 ## - INDEX TERM--UNCONTROLLED
Uncontrolled term Deptt.-Mathematics
653 ## - INDEX TERM--UNCONTROLLED
Uncontrolled term G-Mathematics
653 ## - INDEX TERM--UNCONTROLLED
Uncontrolled term C Progam
942 ## - ADDED ENTRY ELEMENTS (KOHA)
Source of classification or shelving scheme Dewey Decimal Classification
Koha item type Books
Holdings
Withdrawn status Lost status Damaged status Not for loan Collection Home library Current library Date acquired Coded location qualifier Total checkouts Full call number Barcode Date last seen Copy number Price effective from Koha item type
          Dr. Suryya Kumar Bhuyan Library Dr. Suryya Kumar Bhuyan Library 01/02/2012 00000   001.6424c Ka131 Le 90945-46 13/01/2024 7 01/02/2012 Books
          Dr. Suryya Kumar Bhuyan Library Dr. Suryya Kumar Bhuyan Library 01/02/2012 00000   001.6424c Ka131 Le 1210/el 13/01/2024 2 01/02/2012 Books
          Dr. Suryya Kumar Bhuyan Library Dr. Suryya Kumar Bhuyan Library 01/02/2012 00000   001.6424c Ka131 Le 1470/Math 13/01/2024 3 01/02/2012 Books
          Dr. Suryya Kumar Bhuyan Library Dr. Suryya Kumar Bhuyan Library 01/02/2012 00000   001.6424c Ka131 Le 1471/Math 13/01/2024 4 01/02/2012 Books
          Dr. Suryya Kumar Bhuyan Library Dr. Suryya Kumar Bhuyan Library 01/02/2012 00000   001.6424c Ka131 Le 1532/Math 13/01/2024 5 01/02/2012 Books
          Dr. Suryya Kumar Bhuyan Library Dr. Suryya Kumar Bhuyan Library 01/02/2012 00000   001.6424c Ka131 Le 89783/Com 13/01/2024 1 01/02/2012 Books
          Dr. Suryya Kumar Bhuyan Library Dr. Suryya Kumar Bhuyan Library 01/02/2012 00000   001.6424c Ka131 Le 90944 13/01/2024 6 01/02/2012 Books

Designed and Maintained by Team SKBL
©1901-2026

Powered by Koha